Indian journal of adult education. (Record no. 25851)

MARC details
000 -LEADER
fixed length control field 01951cas a2200457 a 4500
001 - CONTROL NUMBER
control field 11143752
005 - DATE AND TIME OF LATEST TRANSACTION
control field 20040506050232.0
008 - FIXED-LENGTH DATA ELEMENTS--GENERAL INFORMATION
fixed length control field 770809c19399999ii qrzp 0 a0eng d
010 ## - LIBRARY OF CONGRESS CONTROL NUMBER
LC control number 49000098
022 ## - INTERNATIONAL STANDARD SERIAL NUMBER
International Standard Serial Number 0019-5006
035 ## - SYSTEM CONTROL NUMBER
System control number (OCoLC)ocm03173499
037 ## - SOURCE OF ACQUISITION
Source of stock number/acquisition Editor, Indian Journal of Adult Education, Indian Adult Education Association (IAEA), 17-B, Indraprastha Estate, New Delhi-110002
040 ## - CATALOGING SOURCE
Original cataloging agency FMFIU
Transcribing agency FMFIU
Modifying agency NIC
-- MnMULS
-- AIP
-- DLC
-- NSDP
-- OCoLC
-- DLC
042 ## - AUTHENTICATION CODE
Authentication code lc
-- nsdp
043 ## - GEOGRAPHIC AREA CODE
Geographic area code a-ii---
050 ## - LIBRARY OF CONGRESS CALL NUMBER
Classification number LC5201
Item number .I55
082 ## - DEWEY DECIMAL CLASSIFICATION NUMBER
Classification number 374.05
210 ## - ABBREVIATED TITLE
Abbreviated title Indian j. adult educ.
222 ## - KEY TITLE
Key title Indian journal of adult education
245 ## - TITLE STATEMENT
Title Indian journal of adult education.
260 ## - PUBLICATION, DISTRIBUTION, ETC. (IMPRINT)
Place of publication, distribution, etc New Delhi
Name of publisher, distributor, etc Indian Adult Education Association
Date of publication, distribution, etc 2009-
300 ## - PHYSICAL DESCRIPTION
Extent v. :
Other physical details ill., ports. ;
Dimensions 25-28 cm.
310 ## - CURRENT PUBLICATION FREQUENCY
Current publication frequency Quarterly,
Date of current publication frequency Apr.-June 2003-
321 ## - FORMER PUBLICATION FREQUENCY
Former publication frequency Quarterly
-- <v. 36, no. 12- 2002>
321 ## - FORMER PUBLICATION FREQUENCY
Former publication frequency monthly
-- <v. 36, no. 12- 2002>
321 ## - FORMER PUBLICATION FREQUENCY
Former publication frequency Bimonthly,
-- 1939-<19 >
362 ## - DATES OF PUBLICATION AND/OR SEQUENTIAL DESIGNATION
Dates of publication and/or sequential designation Began with: issue for Dec. 1939.
500 ## - GENERAL NOTE
General note Description based on: Vol. 1, no. 2 (Feb. 1940).
500 ## - GENERAL NOTE
General note Imprint varies: New Delhi : Indian Adult Education Association Association, <v. 36, no. 12- >.
500 ## - GENERAL NOTE
General note Latest issue consulted: Vol. 64, no. 2 (Apr.-June 2003).
550 ## - ISSUING BODY NOTE
Issuing body note Official organ of the Indian Adult Education Association, <1940>-Apr. 1942.
590 ## - LOCAL NOTE (RLIN)
Local note SERBIB/SERLOC merged record
650 ## - SUBJECT ADDED ENTRY--TOPICAL TERM
Topical term or geographic name as entry element Adult education
Geographic subdivision India
Form subdivision Periodicals.
710 ## - ADDED ENTRY--CORPORATE NAME
Corporate name or jurisdiction name as entry element Indian Adult Education Association.
270 ## - ADDRESS
Address 17-B, Indraprastha Estate
City New Delhi
Postal code 110002
Telephone number 23379282, 23378436
Fax number 23378206
Electronic mail address iaea_india@yahoo.com
906 ## - LOCAL DATA ELEMENT F, LDF (RLIN)
a 7
b cbc
c serials
d u
e ncip
f 19
g n-oclcserc
942 ## - ADDED ENTRY ELEMENTS (KOHA)
Source of classification or shelving scheme Dewey Decimal Classification
Item type Periodicals
Classification part 374.05
Call number suffix IND
Serial record 1
Holdings
Withdrawn status Lost status Source of classification or shelving scheme Damaged status Not for loan Collection code Home library Current library Date acquired Total Checkouts Full call number Date last seen Price effective from Koha item type
    Dewey Decimal Classification   Not For Loan Non-fiction D.B.Act.Division D.B.Act.Division 23/04/2009   374.05 IND 23/04/2009 23/04/2009 Periodicals

© Delhi Public Library
Hit Counter
free hit counter